[Event "Maria Albulet Memorial 2017"]
[Site "Braila"]
[Date "2017.10.14"]
[Round "9"]
[White "Miladinovic, Lena"]
[Black "Babiy, Olga"]
[Result "0-1"]
[WhiteElo "2138"]
[BlackElo "2317"]
[Annotator "TA"]
[PlyCount "92"]
[EventDate "2017.??.??"]
[EventCountry "ROU"]
[SourceTitle "playchess.com"]
[Source "ChessBase"]
[SourceQuality "1"]

{[%evp 9,92,32,34,24,25,18,59,22,114,23,43,20,33,26,21,27,41,41,47,35,74,50,74,69,58,50,85,12,58,9,87,-136,57,-82,-69,-76,-64,-79,-75,-52,-39,-20,-25,-131,-72,-76,-86,-62,-60,-218,-232,-262,-226,-392,-94,-108,-81,-91,-69,-161,-135,-130,-46,-907,-974,-933,-911,-1497,-1191,-2035,-1982,-1935,-1968,-2373,-1511,-2196,-2017,-3003,-2825,-5791,-5450,-5052,-5045,-2167,-2164]} 1. c4 e5 2. e3 d6 3. Nc3 f5 4. d4 Nd7 (4... e4 5. g4 fxg4 6. Nxe4 Nf6 7. Bd3 Nxe4 8. Bxe4 Qh4 9. Ne2 g6 10. Ng3 Bg7 11. Bd2 O-O 12. Bc3 {0-1 (48) Grigoryan,A (2504)-Pashikian,A (2650) Martuni 2009}) 5. Qc2 g6 6. Bd2 $146 {A21: English Opening: 1...e5 2 Nc3} ({Predecessor:} 6. Be2 c6 7. Nf3 Bg7 8. dxe5 dxe5 9. e4 Nc5 10. Be3 Qa5 11. a3 Nxe4 12. b4 {1-0 (30) Marques,T (1000)-Popp,T (1058) IECG email 2002}) 6... Bg7 7. O-O-O Ne7 8. Nf3 {White is slightly better.} c6 (8... e4 $11 9. Ng5 Nf6) 9. Kb1 (9. dxe5 $16 Nxe5 10. Ne2) 9... Qc7 10. Bc1 e4 11. Ng5 {[%cal Bf3g5,Bg5h3,Bh3f4][%mdl 32] aiming for Ne6.} Nf6 12. h4 h6 13. Nh3 a6 14. f3 d5 15. Nf4 b5 16. cxb5 cxb5 17. Qb3 {[%cal Rf4d5]} Qd6 18. Be2 (18. Bd2 $1 $16) 18... Bd7 19. Rdf1 Rc8 (19... h5 $11) 20. g4 $2 (20. Bd2 $16 {stays on course.}) 20... b4 $2 ({Stronger than} 20... fxg4 21. fxg4 g5 22. hxg5 $11) ({Black should try} 20... exf3 $17 21. Bxf3 fxg4) 21. g5 {[#]} (21. fxe4 $14 {was forced to keep a grip.} bxc3 22. e5 c2+ 23. Ka1) 21... hxg5 $1 $17 22. hxg5 Rxh1 23. Rxh1 bxc3 24. gxf6 Bxf6 25. fxe4 fxe4 26. Rh7 (26. Ka1 $1 $11 {keeps the balance.}) 26... cxb2 (26... c2+ $142 27. Ka1 Bf5) 27. Bxb2 {next Ba3 is good for White.} Rb8 28. Qc3 Bf5 $1 {Threatens to win with ...g5.} 29. Qa5 $2 {[#]} ({Better is} 29. Rh1 $15) 29... g5 $1 $19 30. Bh5+ Kd7 31. Bg6 $2 (31. Qxd5 {only move.} Bxh7 32. Bg4+ Bf5 33. Bxf5+ Nxf5 34. Qxf5+ Ke8 35. Nd5) 31... Bxg6 $2 (31... gxf4 $19 {has better winning chances.} 32. Bxf5+ Ke8 33. Qa4+ Kf8) 32. Nxg6 $17 Ke6 33. Nxe7 Bxe7 34. Rh6+ (34. Qc3 $1 $15) 34... Bf6 $19 35. Qe1 Qa3 $40 {[%mdl 128] Black attacks.} (35... Rh8 $17 36. Qh1 Rxh6 37. Qxh6 Kf5 38. Qh3+ Kg6) 36. Qf2 $2 {[%mdl 8192]} (36. Qc1 $15 Qd3+ 37. Ka1) 36... Qd3+ {Black is clearly winning.} 37. Qc2 g4 {[%cal Bg5g4,Bg4g3][%mdl 32]} 38. Qxd3 exd3 {[%mdl 4096] Endgame KRB-KRB} 39. Rh2 g3 40. Rg2 Bh4 41. Kc1 Kf5 42. Ba3 Ke4 {Strongly threatening ...Bg5.} 43. Bd6 Rc8+ 44. Kd1 Kf3 45. Rg1 g2 46. Kd2 Bf2 {Precision: White = 23%, Black = 39%.} 0-1

[Event "Maria Albulet Memorial 2017"]
[Site "Braila"]
[Date "2017.10.14"]
[Round "9"]
[White "Aciu, Malina-Andreea"]
[Black "Popa, Catalina-Elena"]
[Result "1-0"]
[WhiteElo "2006"]
[BlackElo "1731"]
[Annotator "NA RC"]
[PlyCount "65"]
[EventDate "2017.??.??"]
[EventCountry "ROU"]
[SourceTitle "playchess.com"]
[Source "ChessBase"]
[SourceQuality "1"]
[TimeControl "40/5400+30:900+30"]

{[%evp 14,65,27,17,30,39,44,29,44,33,52,27,22,11,35,21,90,75,93,92,97,95,110,103,162,146,174,167,206,222,253,263,427,500,374,425,1270,1290,1404,32767,32767,32767,32767,1310,1300,1785,1359,1675,1461,822,1038,1405,1648,1741]} 1. e4 {[%emt 0:00:00]} c5 {[%emt 0:00:06]} 2. Nf3 {[%emt 0:00:00]} Nc6 {[%emt 0:00:03]} 3. d4 {[%emt 0:00:00]} cxd4 {[%emt 0:00:05]} 4. Nxd4 {[%emt 0:00:00]} e5 {[%emt 0:00:07]} 5. Nb5 {[%emt 0:00:00]} d6 {[%emt 0:00:04]} 6. N1c3 {[%emt 0:00:00]} a6 {[%emt 0:00:04]} 7. Na3 {[%emt 0:00:00]} b5 {[%emt 0:00:05]} 8. Nd5 {[%emt 0:00:00]} Nge7 {[%emt 0:00:11]} 9. c4 {[%emt 0:00:00]} Nd4 {[%emt 0:00:26]} 10. Bd3 {[%emt 0:03:21]} Nxd5 {[%emt 0:01:33] LiveBook: 26 Games B32: Sicilian: Löwenthal and Kalashnikov Variations} 11. exd5 {[%emt 0:00:43]} (11. cxd5 Be7 12. O-O O-O 13. Be3 Bd7 14. Qd2 Qb8 15. f4 Bd8 16. Bxd4 exd4 17. Nc2 Bf6 18. Rae1 Re8 19. Qf2 Kh8 20. Kh1 Qb6 21. Re2 {1-0 (32) Dominguez Perez,L (2757)-El Gindy,E (2487) Tromsoe 2013}) 11... g6 {[%emt 0:07:10]} 12. O-O {[%emt 0:00:53]} Bg7 {[%emt 0:00:12]} 13. cxb5 {[%emt 0:04:29]} O-O {[%emt 0:00:31]} 14. Be3 {[%emt 0:06:03]} Bb7 $146 {[%emt 0:08:42]} ({Predecessor:} 14... Nf5 $11 15. Bxf5 gxf5 16. b6 f4 {½-½ (44) Daubenfeld,N (2503)-Neagu,L (2466) ICCF email 2009}) 15. bxa6 {[%emt 0:15:51]} Bxa6 {[%emt 0:01:02]} 16. Bxd4 {[%emt 0:03:48]} Bxd3 {[%emt 0:06:22]} 17. Qxd3 {[%emt 0:01:07]} exd4 {[%emt 0:00:05]} 18. Nb5 {[%emt 0:01:44]} Qb6 {[%emt 0:04:04]} 19. a4 {[%emt 0:09:31]} Rfe8 {[%emt 0:13:10]} 20. b4 {[%emt 0:03:13]} Re5 {[%emt 0:04:47]} 21. Rfc1 {[%emt 0:03:01]} Qb7 {[%emt 0:09:18]} 22. a5 {[%emt 0:09:05]} Qa6 {[%emt 0:03:48]} ({Not} 22... Rxd5 23. Nc7 $16) (22... Bh6 $142) 23. Rc6 {[%emt 0:03:34]} Qb7 {[%emt 0:00:10]} 24. a6 {[%emt 0:10:40]} Rxd5 $2 {[%emt 0:09:26]} (24... Qd7 25. Nc7 Ra7) 25. axb7 {[%emt 0:00:07]} Rxa1+ {[%emt 0:00:03]} 26. Qf1 {[%emt 0:00:05]} Rxf1+ {[%emt 0:00:04]} 27. Kxf1 {[%emt 0:00:05]} Rxb5 {[%emt 0:00:01]} 28. Rc8+ {[%emt 0:00:07]} Bf8 {[%emt 0:00:04]} 29. b8=Q {[%emt 0:00:16]} Rxb8 {[%emt 0:00:02]} 30. Rxb8 {[%emt 0:00:07]} Kg7 {[%emt 0:01:34]} 31. Ke2 {[%emt 0:01:25]} (31. b5 $142 Kf6 32. Rxf8) 31... Be7 {[%emt 0:00:45]} 32. Kd3 {[%emt 0:00:28]} Bf6 {[%emt 0:02:23]} 33. Rc8 $18 {[%emt 0:01:26]} 1-0